Radiologic exploration of the bronchus / (Record no. 43081)
[ view plain ]
| 000 -LEADER | |
|---|---|
| fixed length control field | 00656cam4a220020500 4500 |
| 001 - CONTROL NUMBER | |
| control field | qce00901518 |
| 005 - DATE AND TIME OF LATEST TRANSACTION | |
| control field | 20190813173513.0 |
| 008 - FIXED-LENGTH DATA ELEMENTS--GENERAL INFORMATION | |
| fixed length control field | 740724s1949 ilu 000 0 eng u |
| 035 ## - SYSTEM CONTROL NUMBER | |
| System control number | (Sirsi) r24076 |
| 035 ## - SYSTEM CONTROL NUMBER | |
| System control number | (QCAT)lss00619083 |
| 035 ## - SYSTEM CONTROL NUMBER | |
| System control number | (UPRA)qce00901518 |
| 040 ## - CATALOGING SOURCE | |
| Modifying agency | UPRA |
| 100 1# - MAIN ENTRY--PERSONAL NAME | |
| Personal name | Rienzo, S. di. |
| Linkage | A86212.1 |
| 245 10 - TITLE STATEMENT | |
| Title | Radiologic exploration of the bronchus / |
| Statement of responsibility, etc. | translated by Tomas A. Hughes. |
| 260 ## - PUBLICATION, DISTRIBUTION, ETC. | |
| Place of publication, distribution, etc. | Springfield, IL : |
| Name of publisher, distributor, etc. | Thomas, |
| Date of publication, distribution, etc. | [c1949] |
| 504 ## - BIBLIOGRAPHY, ETC. NOTE | |
| Bibliography, etc. note | Includes bibliographies. |
| 650 #2 - SUBJECT ADDED ENTRY--TOPICAL TERM | |
| Topical term or geographic name entry element | Bronchi -- radiography. |
| General subdivision | Bronchi -- radiography. |
| Linkage | S62024.1 |
| 949 ## - LOCAL PROCESSING INFORMATION (OCLC) | |
| a | RC734 |
| w | LC |
| i | -23592 |
| m | MEDICAL |
| t | BOOK |
| l | ON-SHELF |
| Withdrawn status | Lost status | Source of classification or shelving scheme | Damaged status | Not for loan | Home library | Current library | Shelving location | Total Checkouts | Full call number | Barcode | Date last seen | Copy number | Price effective from | Koha item type |
|---|---|---|---|---|---|---|---|---|---|---|---|---|---|---|
| Library of Congress Classification | Medical Library | Medical Library | On Shelf | RC734 | -23592 | 08/13/2019 | 1 | 08/13/2019 | Book |